00614nam a2200157Ia 4500001001000000003000500010008004100015010001100056040000900067100003700076245013500113260008700248300001000335650003500345710007600380Para_5571CHAP220125s1988 xx 000 0 und d a204018 cCHAP aCárdenas S. , José Guadalupe aRecomendaciones para el cultivo de la caña de azúcar en el ingenio San Nicolás, Ver. /c por José Guadalupe Cárdenas S. aMéxico, D. F. :b Instituto para el Mejoramiento de la Producción de Azúcar a14 p. aCaña de azúcar x Veracruz aInstituto para el Mejoramiento de la Producción de Azúcar. México